00514nam a2200193 a 4500001001300000003000900013005001700022008004100039020000900080082001300089100002300102245002600125260004700151300000900198500003500207505003300242650002200275700002300297nice12345678IN_TiNIC20260116011658.0050524s1974 mada grp 000 0 eng  ac1000a320bCHA aChatterji, Saral K aCoalition Government. aMadrasbChristian Literature Societyc1974 a145p aincludes index and biblioraphy2 aSocial Concerns Series-No.16 aPolitical Science1 aChatterji, Saral K